000 00953nam a2200301 a 4500
999 _c8433
_d8433
001 8433
003 BD-JhCC
005 20180224172922.0
008 890909s1989 nyua b 000 0 eng
020 _a0070651701
035 _a(BD-JhCC)8433
040 _aDLC
_cDLC
_dDLC
041 _aeng
050 0 0 _aQA76.73.P2
_bT72 1989
082 0 0 _a005.13/3
_220
_bTRE 1989
100 1 _aTremblay, Jean-Paul,
_d1938-
245 1 0 _aProgramming in Pascal /
_cJean-Paul Tremblay, John M. DeDourek.
250 _a2nd ed.
260 _aNew York :
_bMcGraw-Hill Book Co.,
_cc1989.
300 _axiii, 498 p. :
_bill. ;
_c28 cm.
500 _aRevision of: Structured PASCAL / Jean-Paul Tremblay, Richard B. Bunt, Lyle M. Opseth. c1980.
504 _aIncludes bibliographies.
650 0 _aPascal (Computer program language)
700 1 _aDeDourek, John M.
700 1 _aTremblay, Jean-Paul,
_d1938-
_tStructured PASCAL.
942 _2ddc
_cBK